| 000 | 01262cam a2200229 4500 | ||
|---|---|---|---|
| 001 | L128580 | ||
| 002 | 8275 | ||
| 008 | 050124n2004 000 0 eng u | ||
| 020 | _a1873394713 | ||
| 035 | _a(Sirsi) u128580 | ||
| 041 | _aeng | ||
| 050 |
_a692.1 _c18 |
||
| 100 | _aEaton, Richard B. | ||
| 240 |
_aBuilding construction drawing _ba class-book for the elementary student and artisan |
||
| 245 | _aBuilding construction drawing | ||
| 260 |
_aShaftesbury _bDonhead _c2004 |
||
| 300 |
_axvii, 291p. _bill. _c28cm. |
||
| 350 | _a45 | ||
| 520 | _aFirst published in six parts between 1914 and 1921, this book containing working drawings and specifications has been reprinted to provide a useful reference for architects and other conservation specialists working on traditional buildings. Covers a wide range of details, with particular emphasis on joinery, including windows, doors, staircases, panelling, picture and chair rails, and architraves. Also covers brick and tile floors, chimney heads, yard gates, and an example of a roof for a small house. These will be of particular relevance to the maintenance of buildings constructed between 1900 and 1939. | ||
| 690 | _aBUILT ENVIRONMENT-CONSTRUCTION DESIGN-CONSTRUCTION SPECIFICATION | ||
| 942 | _n0 | ||
| 999 |
_c103955 _d103955 |
||